Managerial Economics : Concepts and Applications (Record no. 44983)
[ view plain ]
| 000 -LEADER | |
|---|---|
| fixed length control field | 00466nam a2200181Ia 4500 |
| 008 - FIXED-LENGTH DATA ELEMENTS--GENERAL INFORMATION | |
| fixed length control field | 230524s9999 xx 000 0 und d |
| 020 ## - INTERNATIONAL STANDARD BOOK NUMBER | |
| ISBN | 9780070601604 |
| 082 ## - DEWEY DECIMAL CLASSIFICATION NUMBER | |
| Classification number | 331.714 |
| Item number | THO |
| 100 ## - MAIN ENTRY--AUTHOR NAME | |
| Personal name | Christopher R Thomas |
| 245 #0 - TITLE STATEMENT | |
| Title | Managerial Economics : Concepts and Applications |
| 250 ## - EDITION STATEMENT | |
| Edition statement | 8TH |
| 260 ## - PUBLICATION, DISTRIBUTION, ETC. (IMPRINT) | |
| Place of publication | NEW DELHI |
| Name of publisher | TMH |
| Year of publication | 2009 |
| 300 ## - PHYSICAL DESCRIPTION | |
| Number of Pages | XVI;738 |
| 500 ## - GENERAL NOTE | |
| General note | Quantity Number: 5 |
| 650 ## - SUBJECT ADDED ENTRY--TOPICAL TERM | |
| Topical Term | Economics |
| 700 ## - ADDED ENTRY--PERSONAL NAME | |
| Personal name | S Charles Maurice |
| 942 ## - ADDED ENTRY ELEMENTS (KOHA) | |
| Koha item type | Books |
| Lost status | Damaged status | Permanent Location | Current Location | Shelving location | Date acquired | Full call number | Accession Number | Koha item type |
|---|---|---|---|---|---|---|---|---|
| Central Library, Trident Academy of Technology | Central Library, Trident Academy of Technology | General Stacks | 05/24/2023 | 331.714 THO | 34242 | Books | ||
| Central Library, Trident Academy of Technology | Central Library, Trident Academy of Technology | General Stacks | 05/24/2023 | 331.714 THO | 34243 | Books | ||
| Central Library, Trident Academy of Technology | Central Library, Trident Academy of Technology | General Stacks | 05/24/2023 | 331.714 THO | 34244 | Books | ||
| Central Library, Trident Academy of Technology | Central Library, Trident Academy of Technology | General Stacks | 05/24/2023 | 331.714 THO | 34245 | Books | ||
| Central Library, Trident Academy of Technology | Central Library, Trident Academy of Technology | General Stacks | 05/24/2023 | 331.714 THO | 34246 | Books |
